| 000 | 00000nam 2200000zi 4500 |
| 001 | 9.945458 |
| 003 | CaOODSP |
| 005 | 20241122122033 |
| 006 | m o d f |
| 007 | cr |n||||||||| |
| 008 | 241122e199101 onca ob f000 0|eng d |
| 020 | |z0662579429 |
| 040 | |aCaOODSP|beng|erda|cCaOODSP |
| 043 | |an-cn--- |
| 086 | 1 |aCo22-97/1990E-PDF|zCo22-97/1990 |
| 100 | 1 |aMalhotra, Satya, |eauthor. |
| 245 | 10|aCanadian participation in the development of EDI standards / |cby Satya Malhotra. |
| 264 | 1|aOttawa, Ontario : |bDepartment of Communications, |cJanuary 1991. |
| 264 | 4|c©1991 |
| 300 | |a1 online resource (vii, 76 pages) : |billustrations |
| 336 | |atext|btxt|2rdacontent |
| 337 | |acomputer|bc|2rdamedia |
| 338 | |aonline resource|bcr|2rdacarrier |
| 500 | |aDigitized edition from print [produced by Innovation, Science and Economic Development Canada]. |
| 500 | |aIssued also in French under title: Le rôle du Canada dans le développement de normes EDI. |
| 504 | |aIncludes bibliographical references. |
| 650 | 0|aElectronic data interchange|xStandards. |
| 650 | 0|aElectronic data interchange|xStandards|zCanada. |
| 710 | 1 |aCanada. |bDepartment of Communications, |eissuing body. |
| 775 | 08|tLe rôle du Canada dans le développement de normes EDI / |w(CaOODSP)9.945461 |
| 856 | 40|qPDF|s1.11 MB|uhttps://publications.gc.ca/collections/collection_2024/isde-ised/co22/Co22-97-1990-eng.pdf |